[Event "SVR-ch MAT-II 30th"]
[Site "Nickenich"]
[Date "2007.03.30"]
[Round "1"]
[White "Grabinski, Robert"]
[Black "Braemigk, Uwe"]
[Result "1-0"]
[WhiteElo "1789"]
[BlackElo "2034"]
[PlyCount "61"]
[EventDate "2007.03.30"]
[EventType "tourn"]
[EventRounds "9"]
[EventCountry "GER"]
[SourceTitle "EXT 2009"]
[Source "ChessBase"]
[SourceDate "2008.11.26"]
[SourceVersion "1"]
[SourceVersionDate "2008.11.26"]
[SourceQuality "1"]

1. e4 Nf6 2. e5 Nd5 3. d4 d6 4. Nf3 Bg4 5. Be2 dxe5 6. Nxe5 Bxe2 7. Qxe2 a6 8. Qf3 f6 9. Qh5+ g6 10. Nxg6 hxg6 11. Qxh8 Nb4 12. Na3 Qxd4 13. 0-0 Qe5 14. Qg8 Qh5 15. Bd2 N4c6 16. Qb3 b6 17. Qe6 Nd8 18. Qe4 Ra7 19. Rad1 Nd7 20. Bc3 Nc5 21. Qc4 Qf5 22. Rd5 e5 23. Rfd1 Nde6 24. b4 Ne4 25. Qc6+ Kf7 26. Rd7+ Kg8 27. Be1 Bh6 28. Re7 N4g5 29. h4 Qg4 30. hxg5 Qxd1 31. Qxe6+ 1-0

[Event "SVR-ch MAT-I 29th"]
[Site "Koblenz"]
[Date "2006.04.15"]
[Round "9"]
[White "Janke, Christian"]
[Black "Braemigk, Uwe"]
[Result "0-1"]
[WhiteElo "1748"]
[BlackElo "2053"]
[PlyCount "70"]
[EventDate "2006.04.07"]
[EventType "tourn"]
[EventRounds "9"]
[EventCountry "GER"]
[SourceTitle "EXT 2009"]
[Source "ChessBase"]
[SourceDate "2008.11.26"]
[SourceVersion "1"]
[SourceVersionDate "2008.11.26"]
[SourceQuality "1"]

1. e4 Nf6 2. Nc3 d6 3. f4 c5 4. d3 Nc6 5. g3 g6 6. Bg2 Bg7 7. Nf3 0-0 8. 0-0 Rb8 9. h3 Bd7 10. Nh2 Nh5 11. g4 Bd4+ 12. Rf2 Bxf2+ 13. Kxf2 Ng7 14. g5 f6 15. gxf6 Rxf6 16. Kg1 Nh5 17. f5 Rf7 18. Bg5 Nf6 19. fxg6 hxg6 20. Ne2 Ne5 21. Qe1 Qb6 22. Rb1 Kg7 23. Ng3 Rh8 24. h4 Nfg4 25. Nxg4 Bxg4 26. Qd2 Kh7 27. a3 Nf3+ 28. Bxf3 Rxf3 29. Nh1 c4+ 30. Kg2 Rhf8 31. Bxe7 Bh3+ 32. Kh2 Rf2+ 33. Nxf2 Rxf2+ 34. Qxf2 Qxf2+ 35. Kxh3 Qxc2 0-1

[Event "Rheinland-ch MAT-II 28th"]
[Site "Trier"]
[Date "2005.??.??"]
[Round "9"]
[White "Braemigk, Uwe"]
[Black "Hirscher, Toni"]
[Result "1/2-1/2"]
[WhiteElo "2070"]
[BlackElo "1785"]
[PlyCount "51"]
[EventDate "2005.03.??"]
[EventType "tourn"]
[EventRounds "9"]
[EventCountry "GER"]
[SourceTitle "EXT 2009"]
[Source "ChessBase"]
[SourceDate "2008.11.26"]
[SourceVersion "1"]
[SourceVersionDate "2008.11.26"]
[SourceQuality "1"]

1. f4 b6 2. Nf3 Bb7 3. e3 Nf6 4. Be2 c5 5. 0-0 d5 6. d3 Nbd7 7. Nc3 Qc7 8. d4 e6 9. Qe1 a6 10. Ne5 g6 11. Bf3 b5 12. Bd2 Ne4 13. Bxe4 dxe4 14. Rd1 cxd4 15. exd4 f5 16. Be3 Nb6 17. Qh4 Bg7 18. Qf2 Nd5 19. Nxd5 Bxd5 20. b3 b4 21. Rc1 0-0 22. Qd2 Qb7 23. c4 bxc3 24. Rxc3 Rac8 25. Rfc1 Rxc3 26. Qxc3 1/2-1/2

[Event "Rheinland-ch MAT-II 28th"]
[Site "Trier"]
[Date "2005.??.??"]
[Round "3"]
[White "Laux, Alexander"]
[Black "Braemigk, Uwe"]
[Result "1-0"]
[WhiteElo "1690"]
[BlackElo "2070"]
[PlyCount "25"]
[EventDate "2005.03.??"]
[EventType "tourn"]
[EventRounds "9"]
[EventCountry "GER"]
[SourceTitle "EXT 2009"]
[Source "ChessBase"]
[SourceDate "2008.11.26"]
[SourceVersion "1"]
[SourceVersionDate "2008.11.26"]
[SourceQuality "1"]

1. d4 g6 2. Nf3 Bg7 3. e3 d6 4. Bd3 Nc6 5. Nbd2 e5 6. dxe5 Nxe5 7. Nxe5 dxe5 8. e4 Ne7 9. Nb3 0-0 10. 0-0 f5 11. Bg5 c6 12. Bc4+ Kh8 13. Qxd8 1-0

[Event "SVR-ch MAT-B"]
[Site "Hoehr-Grenzhausen"]
[Date "2004.??.??"]
[Round "?"]
[White "Zupcevic, Damir"]
[Black "Braemigk, Uwe"]
[Result "1/2-1/2"]
[WhiteElo "1930"]
[BlackElo "1975"]
[PlyCount "66"]
[EventDate "2004.??.??"]
[EventType "tourn"]
[EventRounds "9"]
[EventCountry "GER"]
[SourceTitle "EXT 2009"]
[Source "ChessBase"]
[SourceDate "2008.11.26"]
[SourceVersion "1"]
[SourceVersionDate "2008.11.26"]
[SourceQuality "1"]

1. e4 e6 2. d4 d5 3. Nd2 dxe4 4. Nxe4 Bd7 5. Nf3 Bc6 6. Bd3 Nd7 7. 0-0 Be7 8. Ne5 Ngf6 9. Nxc6 bxc6 10. c3 0-0 11. Qc2 Nd5 12. f4 h6 13. Bd2 Qb8 14. Rae1 c5 15. Nxc5 Nxc5 16. dxc5 Bxc5+ 17. Kh1 Qb6 18. Rf3 Rfe8 19. Rh3 Rad8 20. b4 Bd6 21. Rf1 c5 22. bxc5 Bxc5 23. f5 exf5 24. Bxf5 Be3 25. Be1 Bg5 26. Bf2 Ne3 27. Bxe3 Rxe3 28. Rxe3 Qxe3 29. h3 Bf4 30. Qe4 Qxe4 31. Bxe4 Be5 32. c4 Rd2 33. Bd5 Bf6 1/2-1/2

[Event "Rheinland-ch MAT A"]
[Site "Koblenz"]
[Date "2003.04.19"]
[Round "9"]
[White "Braemigk, Uwe"]
[Black "Kutzner, Stephen"]
[Result "0-1"]
[WhiteElo "2088"]
[BlackElo "1918"]
[PlyCount "102"]
[EventDate "2003.04.11"]
[EventType "tourn"]
[EventRounds "9"]
[EventCountry "GER"]
[SourceTitle "EXT 2004"]
[Source "ChessBase"]
[SourceDate "2003.11.25"]
[SourceVersion "1"]
[SourceVersionDate "2003.11.25"]
[SourceQuality "1"]

1. e4 e5 2. d4 exd4 3. Nf3 Nc6 4. Nxd4 Nf6 5. Nxc6 bxc6 6. Bd3 d5 7. e5 Ng4 8. 0-0 Bc5 9. Bf4 0-0 10. h3 Nxf2 11. Rxf2 Bxf2+ 12. Kxf2 Qh4+ 13. Bg3 Qd4+ 14. Ke2 Qxb2 15. Nd2 f5 16. Nf3 c5 17. Kf1 Be6 18. Ng5 Rae8 19. Rb1 Qxa2 20. Rb7 h6 21. Nxe6 Rxe6 22. Rxc7 c4 23. Be2 Qa5 24. Rd7 f4 25. Bf2 Rxe5 26. Rxa7 Qd8 27. Bc5 Rfe8 28. Bf3 Qg5 29. Rd7 Qg3 30. Bxd5+ Kh7 31. Bf2 Qh2 32. Bg1 Re1+ 33. Qxe1 Rxe1+ 34. Kxe1 Qxg1+ 35. Ke2 Qe3+ 36. Kd1 c3 37. Bf3 h5 38. Rd3 Qc5 39. Be4+ g6 40. Ke2 Kg7 41. Bf3 Kf6 42. Kf1 Qa3 43. Ke2 Qb2 44. Be4 Qxc2+ 45. Kf3 Qb3 46. Kxf4 Qb8+ 47. Kf3 Qc7 48. Rd1 g5 49. Ke2 Qc4+ 50. Ke3 Ke5 51. Bf3 c2 0-1

[Event "Heimbach Weis op"]
[Site "Heimbach Weis"]
[Date "2002.03.26"]
[Round "5"]
[White "Braemigk, Uwe"]
[Black "Remy, Jochen"]
[Result "0-1"]
[WhiteElo "2049"]
[BlackElo "2009"]
[PlyCount "46"]
[EventDate "2002.03.22"]
[EventType "swiss"]
[EventRounds "9"]
[EventCountry "GER"]
[SourceTitle "EXT 2007"]
[Source "ChessBase"]
[SourceDate "2006.11.23"]
[SourceVersion "1"]
[SourceVersionDate "2006.11.23"]
[SourceQuality "1"]

1. e4 c6 2. d4 d5 3. e5 Bf5 4. Bd3 Bxd3 5. Qxd3 Qa5+ 6. Nc3 Qa6 7. Qg3 e6 8. Nge2 Ne7 9. 0-0 Nf5 10. Qh3 c5 11. dxc5 Nc6 12. Nf4 g6 13. Nd3 Bg7 14. f4 h5 15. Qf3 Qc4 16. Bd2 Ncd4 17. Qd1 Bf8 18. b3 Qa6 19. Na4 b5 20. cxb6 axb6 21. c3 Qxd3 22. cxd4 Qxd4+ 23. Kh1 h4 0-1

[Event "SVR-ch MTB"]
[Site "Reil"]
[Date "2000.??.??"]
[Round "2"]
[White "Schnur, Edmund"]
[Black "Braemigk, Uwe"]
[Result "1-0"]
[WhiteElo "2188"]
[BlackElo "2088"]
[PlyCount "53"]
[EventDate "2000.??.??"]
[EventType "tourn"]
[EventRounds "9"]
[EventCountry "GER"]
[SourceTitle "EXT 2002"]
[Source "ChessBase"]
[SourceDate "2001.11.25"]
[SourceVersion "1"]
[SourceVersionDate "2001.11.25"]
[SourceQuality "1"]

1. e4 e6 2. d4 d5 3. Nc3 Nf6 4. Bg5 Be7 5. Bxf6 Bxf6 6. Nf3 0-0 7. Bd3 c5 8. dxc5 Bxc3+ 9. bxc3 Qa5 10. 0-0 dxe4 11. Bxe4 f5 12. Bd3 Qxc3 13. Re1 Nc6 14. Rb1 a6 15. Ng5 Qf6 16. f4 Qd4+ 17. Kh1 Nd8 18. Bxf5 Qxd1 19. Bxh7+ Kh8 20. Rbxd1 Nf7 21. Nxf7+ Kxh7 22. Ng5+ Kg8 23. g3 b5 24. cxb6 Bb7+ 25. Kg1 Rac8 26. Rd7 Bd5 27. Nxe6 1-0

[Event "Rheinland-ch A"]
[Site "Lahnstein"]
[Date "1999.04.02"]
[Round "8"]
[White "Puth, Dieter"]
[Black "Braemigk, Uwe"]
[Result "1/2-1/2"]
[WhiteElo "2229"]
[BlackElo "2105"]
[PlyCount "45"]
[EventDate "1999.03.26"]
[EventType "tourn"]
[EventRounds "9"]
[EventCountry "GER"]
[SourceTitle "EXT 2001"]
[Source "ChessBase"]
[SourceDate "2000.11.22"]
[SourceVersion "1"]
[SourceVersionDate "2000.11.22"]
[SourceQuality "1"]

1. d4 c5 2. d5 d6 3. e4 g6 4. Nc3 Bg7 5. f4 a6 6. a4 e5 7. dxe6 fxe6 8. Nf3 Nc6 9. Be3 Nh6 10. h3 0-0 11. Be2 Qe7 12. 0-0 Bd7 13. Qd2 Nf7 14. Bc4 Nb4 15. Rae1 Rab8 16. a5 Kh8 17. Bf2 Nc6 18. Na4 Nxa5 19. Qxa5 Bxa4 20. Qxa4 b5 21. Qxa6 bxc4 22. Bh4 Qd7 23. Qxc4 1/2-1/2

[Event "Rheinland-ch A"]
[Site "Lahnstein"]
[Date "1999.04.01"]
[Round "7"]
[White "Braemigk, Uwe"]
[Black "Schoen, Ralf"]
[Result "1/2-1/2"]
[WhiteElo "2105"]
[BlackElo "2156"]
[PlyCount "56"]
[EventDate "1999.03.26"]
[EventType "tourn"]
[EventRounds "9"]
[EventCountry "GER"]
[SourceTitle "EXT 2001"]
[Source "ChessBase"]
[SourceDate "2000.11.22"]
[SourceVersion "1"]
[SourceVersionDate "2000.11.22"]
[SourceQuality "1"]

1. Nf3 f5 2. b3 Nf6 3. Bb2 g6 4. c4 Bg7 5. g3 d6 6. d4 0-0 7. Bg2 Na6 8. 0-0 c6 9. Nc3 Qe8 10. Re1 e5 11. dxe5 dxe5 12. e4 f4 13. Ba3 Rf7 14. Qe2 Nh5 15. Ng5 Rd7 16. Bh3 Rd8 17. Bxc8 Raxc8 18. c5 Rd4 19. Rad1 Rcd8 20. Rxd4 Rxd4 21. Rd1 Rxd1+ 22. Qxd1 h6 23. Nf3 g5 24. g4 Nf6 25. h3 Nd7 26. b4 Bf8 27. Qd3 Qe6 28. Nd2 Nc7 1/2-1/2

[Event "Rheinland-ch A"]
[Site "Lahnstein"]
[Date "1999.03.27"]
[Round "2"]
[White "Sanner, Dennis"]
[Black "Braemigk, Uwe"]
[Result "1-0"]
[WhiteElo "2253"]
[BlackElo "2105"]
[PlyCount "61"]
[EventDate "1999.03.26"]
[EventType "tourn"]
[EventRounds "9"]
[EventCountry "GER"]
[SourceTitle "EXT 2001"]
[Source "ChessBase"]
[SourceDate "2000.11.22"]
[SourceVersion "1"]
[SourceVersionDate "2000.11.22"]
[SourceQuality "1"]

1. e4 e6 2. d4 d5 3. Nd2 Nf6 4. e5 Nfd7 5. c3 c5 6. Bd3 Nc6 7. Ne2 Qb6 8. Nf3 cxd4 9. cxd4 f6 10. exf6 Nxf6 11. 0-0 Bd6 12. Nc3 0-0 13. Re1 Bd7 14. Bg5 a6 15. Rc1 Rac8 16. a3 Qxb2 17. Na4 Qxa3 18. Ra1 Bxh2+ 19. Nxh2 Qd6 20. Nb6 Rce8 21. Ng4 Nxg4 22. Qxg4 Nb4 23. Nxd7 Qxd7 24. Bb1 Qf7 25. Qh4 g6 26. Bh6 Qf6 27. Bg5 Qf7 28. Ra3 Rc8 29. Rf3 Qd7 30. Rh3 Qf7 31. Rxe6 1-0

[Event "SVR-chA"]
[Site "Nickenich"]
[Date "1998.04.??"]
[Round "?"]
[White "Muellen, Armin"]
[Black "Braemigk, Uwe"]
[Result "1/2-1/2"]
[WhiteElo "2045"]
[BlackElo "2025"]
[PlyCount "85"]
[EventDate "1998.04.??"]
[EventType "tourn"]
[EventRounds "9"]
[EventCountry "GER"]
[SourceTitle "EXT 2000"]
[Source "ChessBase"]
[SourceDate "1999.11.16"]
[SourceVersion "1"]
[SourceVersionDate "1999.11.16"]
[SourceQuality "1"]

1. d4 d5 2. c4 c6 3. Nc3 Nf6 4. e3 Bf5 5. Qb3 Qb6 6. Qxb6 axb6 7. cxd5 Nxd5 8. Nxd5 cxd5 9. Bd2 Nc6 10. Nf3 f6 11. Bb5 Kf7 12. Ke2 g5 13. Rhc1 Bd7 14. Rc3 g4 15. Ne1 Nxd4+ 16. exd4 Bxb5+ 17. Kd1 Bc6 18. Nd3 e6 19. Bf4 Ra4 20. Bc7 b5 21. Bb6 b4 22. Rcc1 Bh6 23. Rcb1 Rha8 24. Nc5 Rxa2 25. Rxa2 Rxa2 26. Kc2 e5 27. Kb3 Ra8 28. Kxb4 e4 29. Kc3 f5 30. g3 Re8 31. Bc7 e3 32. fxe3 Rxe3+ 33. Kb4 Re2 34. Ka5 Bg7 35. Be5 Bxe5 36. dxe5 Rxe5 37. Kb6 d4 38. b4 d3 39. Rd1 Be4 40. b5 Re7 41. Nxd3 Kf6 42. Nf4 Ke5 43. Rd8 1/2-1/2